Volcanic, Glacial, Weathered or Human-Made? Quiz Stats

Quiz Updated Jul 17, 2015

Challenge
Share
Tweet
Score 0/25 Timer 13:00
1 Play Today
% Correct
Weathering - hoodoos
89.7%
Weathering - an arch in Jordan
86.6%
Human - Egyptian pyramids
84.2%
Glacial - a ribbon loch
80.6%
Human - Petra
79%
Volcanic - a solidified lava field
77.2%
Human - an ancient hill fort
74.7%
Human - statue on Easter Island
73.4%
Weathering - honeycomb weathering
71%
Weathering - a hoodoo
68.3%
Human - islands off Dubai
68.2%
Volcanic - a dormant volcano
67.4%
Glacial - a U-shaped valley
59.7%
% Correct
Human - the Panama Canal
56.6%
Glacial - Corrie Loch
54.1%
Weathering
53.1%
Glacial - a hanging valley
50.9%
Human - Offa's Dyke
50.3%
Human - Hill o' Many Stanes, Scotland
49.6%
Glacial - pyramidal peak (the Matterhorn)
45.8%
Weathering
41.3%
Glacial - a crag and tail
38.7%
Volcanic - the Giant's Causeway
37%
Weathering - frost shattered rocks
35.8%
Volcanic - ash pile, lahar
31.3%

You're not logged in!

Compare scores with friends on all Sporcle quizzes.
Join for Free
OR
Log In

You Might Also Like...

Show Comments

Extras

Top Quizzes Today


Score Distribution

Your Account Isn't Verified!

In order to create a playlist on Sporcle, you need to verify the email address you used during registration. Go to your Sporcle Settings to finish the process.

Report this User

Report this user for behavior that violates our Community Guidelines.

Details: